000
00336nam a22001577a 4500
003
SGT
020
_a
81-317-13-72-5
082
_a
658.3
_b
R07M
100
_a
MILL, ROBERT CHRISTIE
245
_a
RESTAURANT MANAGEMENT
250
_a
3RD
260
_a
NEW DELHI
_b
PEARSON
_c
2007
300
_a
463
650
_a
PHARMACY
942
_2
ddc
_c
BK
999
_c
11184
_d
11184